000 00271nam a2200109Ia 4500
008 240731s9999 xx 000 0 und d
245 4 _aThe Pedagogical Seminary
260 _bRoutledge
856 _uhttps://www.tandfonline.com/loi/vzps20
942 _2ddc
942 _cTFEJ
999 _c80051
_d80051
945 _a1
_bMadushi Gamage
_c1
_dMadushi Gamage